000 00721nam a2200217Ia 4500
001 14177
003 GE_BSU
008 181216s||||||||xx |||||||||||||| ||und||
040 _cGE_BSU
245 _aМир Ислама. Pax Islamica 1-2 (8-9) 2012
245 _bИзбранные доклады II международн. научн. конференц. "Мир Ислама" История, Общество, Культура
260 _aМосква
260 _bИзд.дом Марджани
260 _c2012
300 _a512стр.22см.
653 _aPax Islamica
653 _aИзбранные доклады
653 _aМир Ислама
653 _aნაჩუქარი
942 _cCR
999 _c47316
_d47316